000 00508cam a22002174a 4500
005 20250605164156.0
008 250528s ||||||||||||||||||||||||d
035 _a19600
020 _a80165923
040 _aGR-AtMCL
_bgre
_dGR-AtMCL
_eAACR2
245 1 _aTHEORETICAL MECHANICS FOR SIXTH FORMS
250 _a2
260 _c1964
300 _a825
700 1 _aPergamon
_95804
700 1 _aPlumpton C
_92238
700 1 _aTomkys W.A
_92239
942 _cBK
999 _c4856
_d4856